LEADER 03312nam 2200769 450 001 9910782110603321 005 20220722021730.0 010 $a1-4473-0414-4 010 $a1-281-77324-7 010 $a9786611773243 010 $a1-84742-290-X 024 7 $a10.56687/9781847422903 035 $a(CKB)1000000000538839 035 $a(EBL)419344 035 $a(OCoLC)437106673 035 $a(SSID)ssj0000265696 035 $a(PQKBManifestationID)12061211 035 $a(PQKBTitleCode)TC0000265696 035 $a(PQKBWorkID)10312371 035 $a(PQKB)10576243 035 $a(UtOrBLW)PPO00075 035 $a(Au-PeEL)EBL419344 035 $a(CaPaEBR)ebr10281220 035 $a(CaONFJC)MIL177324 035 $a(OCoLC)801849028 035 $a(MdBmJHUP)musev2_80208 035 $a(UkCbUP)CR9781847422903 035 $a(MiAaPQ)EBC419344 035 $a(DE-B1597)647389 035 $a(DE-B1597)9781847422903 035 $a(OCoLC)1368055036 035 $a(EXLCZ)991000000000538839 100 $a20220628d2010|||| uy| 0 101 0 $aeng 135 $aur||||||||||| 181 $ctxt$2rdacontent 182 $cc$2rdamedia 183 $acr$2rdacarrier 200 10$aUprooted $ethe shipment of poor children to Canada, 1867-1917 /$fRoy Parker$b[electronic resource] 205 $a[Pbk. ed.]. 210 1$aBristol, UK ; Portland, OR :$cPolicy Press,$d2010. 215 $a1 online resource (xiv, 354 pages) $cdigital, PDF file(s) 300 $aTitle from publisher's bibliographic system (viewed on 22 Jul 2022). 311 $a1-84742-668-9 311 $a1-84742-014-1 320 $aIncludes bibliographical references and index. 327 $aUprooted; Contents; Acknowledgements; List of Abbreviations; Preface; 1. The Background; 2. Early Initiatives; 3. Checks and Balances; 4. The Issue of Inspection; 5. The Second Wave of Organised Protestant Child Emigration; 6. The Catholic Response; 7. The 'Unorganised' Emigrationists; 8. Canadian Demand for Child Labour; 9. Canadian Opposition to Child Immigration; 10. The Management of the Opposition in Canada; 11. The Reformatories and Industrial Schools; 12. What Befell the Children; 13. Parents' Rights, Consent and Legislation; 14. Into the Twentieth Century 327 $a15. Explanation and AssessmentNotes; References; Index 330 $aThis book explores the economic, religious, political and personal forces that led to some eighty thousand British children being sent to Canada between 1867 and 1915, and provides a vivid look at one aspect of the history of child welfare practices. 606 $aHome children (Canadian immigrants) 606 $aImmigrant children$zCanada$xHistory 606 $aOrphans$zCanada$xHistory 606 $aBritish$zCanada$xHistory 607 $aCanada$xEmigration and immigration$xHistory 607 $aGreat Britain$xEmigration and immigration$xHistory 615 0$aHome children (Canadian immigrants) 615 0$aImmigrant children$xHistory. 615 0$aOrphans$xHistory. 615 0$aBritish$xHistory. 676 $a305.23086/9450971 700 $aParker$b R. A$g(Roy Alfred),$f1931-$01477446 801 0$bUkCbUP 801 1$bUkCbUP 906 $aBOOK 912 $a9910782110603321 996 $aUprooted$93692621 997 $aUNINA LEADER 02567nam 2200613Ia 450 001 9910778487103321 005 20230620165904.0 010 $a1-282-31227-8 010 $a9786612312274 010 $a90-272-8934-4 035 $a(CKB)1000000000799559 035 $a(OCoLC)649900848 035 $a(CaPaEBR)ebrary10335313 035 $a(SSID)ssj0000287883 035 $a(PQKBManifestationID)11192856 035 $a(PQKBTitleCode)TC0000287883 035 $a(PQKBWorkID)10371995 035 $a(PQKB)11264152 035 $a(MiAaPQ)EBC622207 035 $a(Au-PeEL)EBL622207 035 $a(CaPaEBR)ebr10335313 035 $a(CaONFJC)MIL231227 035 $a(OCoLC)492092539 035 $a(EXLCZ)991000000000799559 100 $a20090318h20092009 uy 0 101 0 $aeng 135 $aurcn||||||||| 181 $ctxt$2rdacontent 182 $cc$2rdamedia 183 $acr$2rdacarrier 200 14$aThe acquisition of word order $emicro-cues, information structure, and economy /$fMarit Westergaard 210 1$aPhiladelphia ;$aAmsterdam :$cJohn Benjamins Pub. Company,$d2009. 210 4$a©2009 215 $a1 online resource (xii, 245 pages) $cillustrations 225 0 $aLinguistik aktuell/linguistics today,$x0166-0829 ;$vv. 145 300 $aBibliographic Level Mode of Issuance: Monograph 311 0 $a90-272-5528-8 320 $aIncludes bibliographical references and index. 327 $aAcknowledgements -- Preliminaries -- Word order variation and the structure of the target language -- The syntax of V2 and a model of micro-cues -- The input -- The acquisition of word order in non-subject-initial declaratives -- The acquisition of word order in subject-initial declaratives -- The acquisition of word order in wh-questions -- The acquisition of word order in yes/no-questions -- The acquisition of word order in non-V2 contexts -- Micro-cues, information structure, and economy -- References -- Appendix -- Index. 606 $aNorwegian language$xWord order 606 $aNorwegian language$xAcquisition 606 $aGrammar, Comparative and general$xWord order 615 0$aNorwegian language$xWord order. 615 0$aNorwegian language$xAcquisition. 615 0$aGrammar, Comparative and general$xWord order. 676 $a439.8/282421 700 $aWestergaard$b Marit R$g(Marit Richardsen)$01579606 801 0$bMiAaPQ 801 1$bMiAaPQ 801 2$bMiAaPQ 906 $aBOOK 912 $a9910778487103321 996 $aThe acquisition of word order$93859805 997 $aUNINA LEADER 06824nam 22005775 450 001 9910639891803321 005 20260324165227.0 010 $a9783031234736 010 $a3031234731 024 7 $a10.1007/978-3-031-23473-6 035 $a(MiAaPQ)EBC7165719 035 $a(Au-PeEL)EBL7165719 035 $a(CKB)25913953000041 035 $a(PPN)267813228 035 $a(OCoLC)1357016182 035 $a(DE-He213)978-3-031-23473-6 035 $a(EXLCZ)9925913953000041 100 $a20221227d2022 u| 0 101 0 $aeng 135 $aurcnu|||||||| 181 $ctxt$2rdacontent 182 $cc$2rdamedia 183 $acr$2rdacarrier 200 10$aAdvances in Computer Graphics $e39th Computer Graphics International Conference, CGI 2022, Virtual Event, September 12?16, 2022, Proceedings /$fedited by Nadia Magnenat-Thalmann, Jian Zhang, Jinman Kim, George Papagiannakis, Bin Sheng, Daniel Thalmann, Marina Gavrilova 205 $a1st ed. 2022. 210 1$aCham :$cSpringer Nature Switzerland :$cImprint: Springer,$d2022. 215 $a1 online resource (590 pages) 225 1 $aLecture Notes in Computer Science,$x1611-3349 ;$v13443 300 $aIncludes index. 311 08$aPrint version: Magnenat-Thalmann, Nadia Advances in Computer Graphics Cham : Springer,c2023 9783031234729 327 $aIMAGE ANALYSIS & PROCESSING -- Multi-granularity feature attention Fusion network for Image-Text Sentiment Analysis -- Toward efficient image denoising: A lightweight network with retargeting supervision driven knowledge distillation -- A pig pose estimation model for measuring pig?s body size -- Topology-aware Learning for Semi-supervised Cross-domain Retinal Artery/Vein Classification -- Face Super-Resolution with Better Semantics and More Efficient Guidance -- GRAPHS & NETWORKS -- Layout and Display of Network Graphs on a Sphere -- Joint Matrix Factorization and Structure Preserving for Domain Adaptation -- Graph Adversarial Network with Bottleneck Adapter Tuning for Sign Language Production -- ESTIMATION & FEATURE MATCHING -- Facial Landmarks based Region-Level Data Augmentation for Gaze Estimation -- An Efficient Dense Depth Map Estimation Algorithm Using Direct Stereo Matching For Ultra-wide-angle Images -- Ad-RMS: Adaptive Regional Motion Statistics for Feature Matching Filtering -- 3D RECONSTRUCTION -- Mobile Augmented Realty Based Visual Indoor Navigation -- Cost Volume Pyramid Network with Multi-strategies Range Searching for Multi-view Stereo -- Reconstructing the Surface Mesh Representation for Single Neuron -- WEmap: Weakness-enhancement mapping for 3D reconstruction with sparse image sequences -- RENDERING & ANIMATION -- Comparing Traditional Rendering Techniques to Deep Learning based Super-Resolution in Fire and Smoke Animations -- Real-Time Light Field Path Tracing -- Crowd Simulation with Detailed Body Motion and Interaction -- Towards Rendering the Style of 20th Century Cartoon Line Art in 3D Real-time -- DETECTION & RECOGNITION -- Face detection algorithm in classroom scene based on deep learning -- GRVT: Toward Effective Grocery Recognition via Vision Transformer -- A Transformer-based Cloth-irrelevant Patches Feature Extracting Method for Long-Term Cloth-Changing Person Re-identification -- Learning Unified Binary Feature Codes For Cross-illumination Palmprint Recognition -- COLORS, PAINTINGS & LAYOUT -- SemiPainter: Learning to draw semi-realistic paintings from the manga line drawings and flat shadow -- Hierarchical Bayesian Network Modeling and Layout of Huizhou Traditional Villages in Geographic Environment -- AE-GAN: Attention Embedded GAN For Irregular and Large-area Mask Face Image Inpainting -- SYNTHESIS & GENERATION -- Procedural Generation of Landscapes with Water Bodies Using Artificial Drainage Basins -- High-fidelity Dynamic Human Synthesis via UV-guided NeRF with Sparse Views -- Rec2Real: Semantics-Guided Photo-Realistic Image Synthesis Using Rough Urban Reconstruction Models -- 3D Digital City Structure Model Based on Image Modeling Technology -- AR & USER INTERFACES -- Augmented Reality-Based Home Interaction Layout and Evaluation -- LiteAR: A Framework to Estimate Lighting for Mixed Reality Sessions for Enhanced Realism -- Personalized User Interface Elements Recommendation System -- MEDICAL IMAGING -- A feature point extraction method for capsule endoscope localization -- Automated Diagnosis Of Retinal Neovascularization Pathologies From Color Retinal Fundus Images -- SEGMENTATION -- DDCNet: A lightweight network with variable receptive field for real-time portrait segmentation in complex environment -- A chromosome segmentation method based on corner detection and watershed algorithm -- Voxel-based 3D shape segmentation using deep volumetric convolutional neural networks -- OBJECT DETECTION -- Few-shot detection based on an enhanced prototype for outdoor small forbidden objects -- Research on real-time forestry pest detection based on improved YOLOv5 -- Power Line Detection Based on Feature Fusion Deep Learning Network -- IMAGE ATTENTION & PERCEPTION -- Wider and Higher: Intensive Integration and Global Foreground Perception for Image Matting -- Authenticity Identification of Qi Baishi?s Shrimp Painting with Dynamic Token Enhanced Visual Transformer -- MODELING & SIMULATION -- An Optimized Material Point Method for Soil-Water Coupled Simulation -- SlimFliud-Net: Fast Fluid Simulation Using Admm Pruning. . 330 $aThis book constitutes the refereed proceedings of the 39th Computer Graphics International Conference on Advances in Computer Graphics, CGI 2022, held Virtually, during September 12?16, 2022. The 45 full papers included in this book were carefully reviewed and selected from 139 submissions. They were organized in topical sections as follows: image analysis & processing; graphs & networks; estimation & feature matching; 3d reconstruction; rendering & animation; detection & recognition; colors, paintings & layout; synthesis & generation; ar & user interfaces; medical imaging; segmentation; object detection; image attention & perception; and modeling & simulation. 410 0$aLecture Notes in Computer Science,$x1611-3349 ;$v13443 606 $aApplication software 606 $aComputer and Information Systems Applications 606 $aInfografia$2thub 608 $aCongressos$2thub 608 $aLlibres electrònics$2thub 615 0$aApplication software. 615 14$aComputer and Information Systems Applications. 615 7$aInfografia 676 $a006.6869 676 $a006.6 702 $aMagnenat-Thalmann$b Nadia 801 0$bMiAaPQ 801 1$bMiAaPQ 801 2$bMiAaPQ 906 $aBOOK 912 $a9910639891803321 996 $aAdvances in Computer Graphics$9772590 997 $aUNINA